| 000 | 00645nam a2200193 a 4500 | ||
|---|---|---|---|
| 001 | 000022121 | ||
| 005 | 20240305125740.0 | ||
| 008 | 100917s1983 dr ac 001 0 spa d | ||
| 040 |
_aDO-SdBNP _bspa _cBNPHU |
||
| 082 |
_a923.57293 _bH552f |
||
| 100 | 1 |
_aHamlet, Hermann, _d1934-2016 _936649 |
|
| 245 | 1 | 0 |
_aFrancis Caamaño / _cHamlet Hermann. |
| 260 |
_aSanto Domingo : _bAlfa y Omega, _c1983. |
||
| 300 |
_axxii, 492 p. : _bil., retrs. |
||
| 600 | 1 | 4 |
_aCAAMAÑO DEÑÓ, FRANCISCO ALBERTO, _d1932-1973 _910026 |
| 651 | 4 |
_aRepública Dominicana _xHistoria _yREVOLUCIÓN, 1965 _92167 |
|
| 910 | _aValidado. Control de calidad BNPHU | ||
| 049 | _aBNPD | ||
| 999 |
_c21619 _d21619 |
||